Statistics for Tripoints with the Highest Elevation

Click here to take the quiz!

General Stats

  • This quiz has been taken 40 times
  • The average score is 32 of 33

Answer Stats

Country% Correct
Afghanistan
100%
Argentina
100%
Bhutan
100%
Bolivia
100%
Chile
100%
China
100%
India
100%
Kazakhstan
100%
Nepal
100%
Pakistan
100%
Peru
100%
Tajikistan
100%
Uzbekistan
100%
Andorra
97%
Armenia
97%
Austria
97%
Azerbaijan
97%
France
97%
Georgia
97%
Iran
97%
Iraq
97%
Italy
97%
Kyrgyzstan
97%
Liechtenstein
97%
Mongolia
97%
Myanmar
97%
Russia
97%
Spain
97%
Switzerland
97%
Turkey
97%
DR Congo
87%
Rwanda
87%
Uganda
87%

Score Distribution

Percentile by Number Answered

Percent of People with Each Score

Your Score History

You have not taken this quiz